Geography #6-Bodies of Water - Statistics

General Stats
  • This quiz has been taken 125 times
    110 since last reset
  • The average score is 9 of 15
Answer Stats
Hint Answer % Correct
Canal connecting the Red and Mediterranean Seas Suez
92%
Largest of the Great Lakes Superior
92%
Ocean with the Mariana Trench Pacific
91%
Sea between Greece and Turkey Aegean
82%
Large lake on the border of Bolivia and Peru Titicaca
75%
Largest lake in Nicaragua Nicaragua
68%
Channel between Mozambique and Madagascar Mozambique
67%
"Land of 10,000 Lakes" (US State) Minnesota
65%
Sea between Java and Borneo Java
60%
The gulf between Sweden and Finland Bothnia
57%
Strait between Malaysia and Sumatra Malacca
48%
Strait between Australia and Tasmania Bass
44%
Largest lake in Florida Okeechobee
33%
Sea just north of the Bering Strait Chukchi
32%
Gulf east of the Indochina Peninsula Tonkin
31%
No matching quizzes found
Score Distribution
Percent of People with Each Score
Percentile by Number Answered
Your Score History
You have not taken this quiz since the last reset